000
00331nam a22001457a 4500
003
OSt
005
20160727222354.0
008
160622b xxu||||| |||| 00| 0 eng d
040
_c
Test
100
_9
471
_a
Dixon, P. W
245
_a
The Hardy Boys
260
_a
N.V Grosset Dunlap
_c
1968
300
_a
The Hardy Boys
942
_2
ddc
_c
BK
999
_c
392
_d
392